Responses for Show #8546 - Monday, January 3, 2022

Amy Schneider game 24.

Contestants

[<< previous game]

Kate Woomer-Deters, a legal services attorney from Raleigh, North Carolina

Harsh Daga, an analyst from Brooklyn, New York

Amy Schneider, an engineering manager from Oakland, California (whose 23-day cash winnings total $855,600)

[next game >>]

Jeopardy! Round responses

BILLBOARD TOP 200 ALBUMS IN 2021
WORLD GEOGRAPHY
PLACE YOUR FAST FOOD ORDER
(Ken: You have to name the restaurant you're at.)
DEADLY SINS, ELSEWHERE
AMERICAN POETRY
I'LL "PUNCH" YOU
    $200 1
Drake

Amy
    $200 12
the Red Sea

Kate
    $200 28
McDonald's

Amy
    $200 22
Envy

Kate
    $200 29
a Ouija board

Kate
    $200 30
punching the clock

Harsh
    $400 2
Tyler, the Creator

Amy
    $400 11
Jakarta

Kate
    $400 27
KFC

Amy
    $400 23
greed

Amy
    $400 14
Whitman

Amy
    $400 13
Planter's Punch

Triple Stumper
    $600 3
Olivia Rodrigo

Amy
    $1,000 7
Victoria Falls

Kate
    $600 6
Subway

Kate
    $600 24
a sloth

Kate
    $600 18
(Kate: What is a passenger pigeon?)

a carrier pigeon

AmyKate
    $600 15
(Ken: I'm sure Harsh is grateful you didn't choose to actually finish the [*].)
[Laughter]

Punch Buggy

Amy
    $800 4
H.E.R.

Amy
    $800 8
Belgium

Amy
    $800 10
Panda Express

Kate
    $800 25
(Ken: "[*] (In The Name Of Love)" is the song, yes.)

pride

Amy
    $800 19
Winnie Mandela

Amy
    $800 16
pleased as punch

Amy
    $1000 5
(Kate: Who is Arcade Fire?)

Nickelback

HarshKate
    $1000 9
the Bay of Fundy

Amy
    $1000 21
Taco Bell

Amy
    $1000 26
[NOTE: Ken reads the clue in a voice imitative of Carter.]

lust

Amy
    $1000 20
imagism

Triple Stumper
    $1000 17
punch above one's weight

Amy

Scores at the first commercial break (after clue 15):

Amy Harsh Kate
$4,800 $1,000 $2,000

Scores at the end of the Jeopardy! Round:

Amy Harsh Kate
$11,800 $1,200 $2,400

Double Jeopardy! Round responses

HISTORY PLAYS
SUBTITLES
PHYSICAL SCIENCE
ON THE POLITICAL SPECTRUM
1950s TELEVISION
BE VERY QUIET
    $400 4
Joan of Arc

Amy
    $400 30
Mother Teresa

Amy
    $400 8
gravity

Amy
    $400 1
(Ken: That's right, green's on the spectrum.)

the Green Party

Kate
    $400 29
(Ken: Yeah, that's Beaver [*].)

Cleaver

Amy
    $400 25
a hush

Amy
    $800 5
Oslo

Harsh
    $2,000 6
(Harsh: What is Ripley's Believe It or Not?)

The X-Files

Harsh
    $800 19
electrons

Kate
    $800 2
the red flag

Triple Stumper
    $800 28
Perry Mason

Amy
    $800 24
(Ken: Yeah, from [*]aby.)

a lull

Kate
    $2,000 7
Valley Forge

Harsh
    $1200 15
"Hakuna Matata"

Amy
    $1200 20
tides

Amy
    $1200 3
(Amy: What is Labour?)

the Liberal Party

Amy
Triple Stumper
    $1200 23
Face the Nation

Harsh
    $1200 13
becalmed

Amy
    $1600 9
King John

Amy
    $1600 16
The Mikado

Amy
    $1600 21
a vacuum

Amy
    $1600 11
the Orange Order

Amy
    $1600 26
Guiding Light

Amy
    $1600 14
serene

Kate
    $2000 10
(Peter) Morgan

Kate
    $2000 17
Bridget Jones

Amy
    $2000 22
carbon-14

Amy
    $2000 12
Blue White (Blue & White)

Amy
    $2000 27
"Requiem for a Heavyweight"

Triple Stumper
    $2000 18
tacit

Triple Stumper

Scores at the end of the Double Jeopardy! Round:

Amy Harsh Kate
$31,000 $3,200 $8,000
(lock game)

[wagering suggestions for these scores]

Final Jeopardy! Round responses

SCULPTORS
(Ken: [To Harsh] That private banquet was the very first [*] ceremony--no audience or anything.)
HarshWhat is Oscar
$3,000
KateWhat is the Oscar Statue?)
$1,000
AmyWhat is the Oscar?
$11,000
the Oscar

Final scores:

Amy Harsh Kate
$42,000 $6,200 $9,000
24-day champion: $897,600 3rd place: $1,000 2nd place: $2,000

Game dynamics:

Coryat scores:

Amy Harsh Kate
$31,000 $4,400 $7,600
35 R,
1 W
5 R
(including 1 DD),
1 W
(including 1 DD)
13 R
(including 1 DD),
2 W

Combined Coryat: $43,000

[game clues] [game scores] [suggest correction]

Game tape date: 2021-11-01
The J! Archive is created by fans, for fans. Scraping, republication, monetization, and malicious use prohibited; this site may use cookies and collect identifying information. See terms. The Jeopardy! game show and all elements thereof, including but not limited to copyright and trademark thereto, are the property of Jeopardy Productions, Inc. and are protected under law. This website is not affiliated with, sponsored by, or operated by Jeopardy Productions, Inc. Join the discussion at JBoard.tv.